| 000 | 00650nam a2200241Ia 4500 | ||
|---|---|---|---|
| 008 | 160216s9999 xx 000 0 und d | ||
| 020 | _a978-0-07-110766-2 | ||
| 050 | _aComSc QA 76.9 | ||
| 050 | _b.B46 2007 | ||
| 100 | _aBentley, Lonnie D. | ||
| 245 | _aSystems analysis and design for the global enterprise / | ||
| 245 | _cLonnie D. Bentley, Jeffrey L. Whitten. | ||
| 250 | _a7th Edition | ||
| 260 | _aNew York : | ||
| 260 | _bMcGraw-Hill/Irwin. | ||
| 260 | _c2007 | ||
| 300 | _a747 pages : | ||
| 300 | _bcol. ill. ; | ||
| 300 | _c28 cm. | ||
| 500 | _aIncludes index. | ||
| 650 | _aSystem analysis. | ||
| 650 | _aSystem design. | ||
| 999 |
_c290827 _d290827 |
||